Statistics for Countries by River Delta

Click here to take the quiz!

General Stats

  • This quiz has been taken 30 times
    (23 since last reset)
  • The average score is 19 of 21

Answer Stats

River DeltaCountry% Correct
Ganges/BrahmaputraBangladesh
100%
AmazonBrazil
100%
YellowChina
100%
NileEgypt
100%
IndusPakistan
100%
MekongVietnam
100%
CongoAngola/D.R.Congo
96%
ColoradoMexico
96%
RhineNetherlands
96%
NigerNigeria
96%
DanubeRomania/Ukraine
96%
YukonUnited States
96%
Euphrates/TigrisIraq/Iran
91%
ZambeziMozambique
91%
MackenzieCanada
87%
RhoneFrance
87%
ParanaArgentina
83%
OrinocoVenezuela
78%
IrrawaddyMyanmar
74%
LenaRussia
70%
OkavangoBotswana
57%

Score Distribution

Percentile by Number Answered

Percent of People with Each Score

Your Score History

You have not taken this quiz since the last reset